000 00383 a2200169 4500
001 71275
020 _a8516013731
040 _cAnchieta - Colégio São Paulo
100 _aBandeira, Pedro
240 1 0 _aCavalgando o arco-íris
_lpor
245 1 0 _aCavalgando o arco-íris
300 _a61
362 0 _a1999
440 1 _aModerna
650 4 _aLiteratura infantil
942 _cBK
999 _c71275
_d71275